00524 2200193 4500001002100000005001500021035002000036007000300056008004100059020002200100082001000122084001600132100001700148245006600165260003700231300003000268600001800298856001400316INLIS00000000000905420260312113136 a0010-0326000013ta260312 0  a978-602-98535-9-9 a495.6 a495.6 ARU b0 aArum Angesti1 aBelajar Percakapan Bahasa Jepang untuk Pemula /cArum Angesti aYogyakarta :bCahaya Atma,c2015 a161 hlm :bIlusi ;c19 CM 4abahasa jepang aKelas 495